| 000 | 00356nam a22001337a 4500 | ||
|---|---|---|---|
| 020 | _a0-88275-083-6 | ||
| 082 | _a621.89 BRE'E | ||
| 100 |
_aBREWER, ALLEN.F _941958 |
||
| 245 | _aEFFECTIVE LUBRICATION BASIC LUBRICATION PRACTICE | ||
| 260 |
_aNEWYORK _bROBERT KRIEGER _c1974 |
||
| 300 | _a356P | ||
| 650 |
_aLUBRICATION-BASIC PRACTICE _978406 |
||
| 942 | _cBK | ||
| 999 |
_c583532 _d583532 |
||